[Event "V Festival A"]
[Site "Cesenatico ITA"]
[Date "2000.09.08"]
[Round "7"]
[White "Callier, Christophe"]
[Black "Kowalczyk, Martin"]
[Result "1-0"]
[WhiteElo "2006"]
[BlackElo "2120"]
[PlyCount "59"]
[EventDate "2000.09.03"]

1.e4 d6 2.d4 Nf6 3.Nc3 g6 4.Bg5 h6 5.Bf4 Bg7 6.Qd2 c6 7.O-O-O Qa5 8.Kb1 b5
9.e5 dxe5 10.Bxe5 O-O 11.Bd3 b4 12.Nce2 Be6 13.Nc1 Nbd7 14.Bf4 h5 15.Bh6 
Rab8 16.Bxg7 Kxg7 17.Nb3 Qb6 18.Ne2 a5 19.Qg5 a4 20.Nf4 axb3 21.Nxe6+ fxe6
22.Qxg6+ Kh8 23.g4 bxa2+ 24.Ka1 Rf7 25.Qxf7 Qxd4 26.Qg6 e5 27.Qh6+ Kg8 28.
Bh7+ Nxh7 29.Rxd4 exd4 30.Qe6+ 1-0

[Event "V Festival A"]
[Site "Cesenatico ITA"]
[Date "2000.09.08"]
[Round "7"]
[White "Cecchetto, Vanni"]
[Black "Cadelli, Luciano"]
[Result "1-0"]
[WhiteElo "2139"]
[BlackElo "2113"]
[PlyCount "87"]
[EventDate "2000.09.03"]

1.c4 c5 2.Nc3 Nc6 3.Nf3 Nf6 4.d4 cxd4 5.Nxd4 g6 6.e4 Bg7 7.Be3 d6 8.f3 a6 
9.Rc1 O-O 10.Bd3 Nd7 11.Bb1 Nc5 12.O-O Nxd4 13.Bxd4 Bxd4+ 14.Qxd4 Ne6 15.
Qe3 Ng7 16.Rfd1 Be6 17.c5 Qc7 18.cxd6 exd6 19.Nd5 Qd8 20.Nb6 Rb8 21.Qd4 
Qg5 22.Nc4 Bxc4 23.Rxc4 Ne6 24.Qb6 Rfd8 25.Rd5 Qf4 26.Bd3 Rbc8 27.b3 Rxc4 
28.Bxc4 Qc1+ 29.Kf2 Qa3 30.Rd2 Qc5+ 31.Qxc5 dxc5 32.Rxd8+ Nxd8 33.Ke3 Kf8 
34.f4 Ke7 35.g4 h6 36.e5 f6 37.Ke4 fxe5 38.Kxe5 b6 39.Bd5 b5 40.h4 a5 41.
f5 gxf5 42.Kxf5 Nf7 43.Bxf7 Kxf7 44.Ke5 1-0

[Event "V Festival A"]
[Site "Cesenatico ITA"]
[Date "2000.09.08"]
[Round "7"]
[White "Cocchi, Andrea"]
[Black "Bertagnolli, Alexander"]
[Result "0-1"]
[WhiteElo "2261"]
[BlackElo "2196"]
[PlyCount "96"]
[EventDate "2000.09.03"]

1.c4 g6 2.Nc3 Bg7 3.g3 e5 4.Bg2 d6 5.e3 Nc6 6.Nge2 Be6 7.Nd5 Qd7 8.Nec3 
Nd8 9.Qa4 Qxa4 10.Nxa4 Rc8 11.b3 c6 12.Ndc3 f5 13.Ba3 Nf7 14.Rd1 Bd7 15.
Ne2 Nf6 16.Nac3 O-O 17.O-O Rfe8 18.d3 Bf8 19.Rc1 Be6 20.Rfd1 Nd8 21.Kf1 
Bf7 22.Rd2 Ne6 23.d4 e4 24.d5 cxd5 25.Nxd5 Nxd5 26.Rxd5 Nc7 27.Rd2 d5 28.
Bxf8 Kxf8 29.c5 Na6 30.b4 Nxb4 31.Rb1 a5 32.a3 Nd3 33.Rxb7 Rxc5 34.h3 Rec8
35.Kg1 Rc2 36.Rxc2 Rxc2 37.Bf1 Ra2 38.g4 fxg4 39.hxg4 Be6 40.f3 Bf7 41.
fxe4 dxe4 42.Ng3 Ne5 43.Be2 Rxa3 44.Kf2 Nd3+ 45.Bxd3 exd3 46.e4 Ra2+ 47.
Ke3 d2 48.Rd7 Be6 0-1

[Event "V Festival A"]
[Site "Cesenatico ITA"]
[Date "2000.09.08"]
[Round "7"]
[White "Collutiis, Duilio"]
[Black "Voltolini, Giuseppe"]
[Result "1-0"]
[WhiteElo "2286"]
[BlackElo "2279"]
[PlyCount "65"]
[EventDate "2000.09.03"]

1.e4 c6 2.d4 d5 3.e5 c5 4.dxc5 e6 5.Nf3 Bxc5 6.Bd3 Nc6 7.O-O Nge7 8.a3 Ng6
9.b4 Be7 10.Bb2 O-O 11.Re1 a6 12.Nbd2 Nf4 13.Bf1 f6 14.c4 f5 15.Rc1 Qe8 
16.Qb3 Qg6 17.g3 dxc4 18.Nxc4 Nd5 19.Bg2 h5 20.Nd6 h4 21.Nd4 Nxd4 22.Bxd4 
hxg3 23.hxg3 f4 24.Bxd5 fxg3 25.Bg2 Bxd6 26.exd6 Rf4 27.Bb6 gxf2+ 28.Bxf2 
Rg4 29.Qf3 Bd7 30.Re4 Rg5 31.Rc5 e5 32.Rexe5 Rg4 33.Qd5+ 1-0

[Event "V Festival A"]
[Site "Cesenatico ITA"]
[Date "2000.09.08"]
[Round "7"]
[White "Di Lao, Riccardo"]
[Black "Naumkin, Igor"]
[Result "0-1"]
[WhiteElo "2138"]
[BlackElo "2440"]
[PlyCount "81"]
[EventDate "2000.09.03"]

1.d4 e6 2.c4 f5 3.Nc3 Bb4 4.Bd2 Nf6 5.g3 O-O 6.Bg2 Nc6 7.a3 Bxc3 8.Bxc3 d6
9.b3 Qe8 10.e3 e5 11.Bxc6 Qxc6 12.d5 Qe8 13.f3 b5 14.Rc1 bxc4 15.bxc4 Ba6 
16.Bb4 f4 17.e4 Qh5 18.gxf4 Qh4+ 19.Ke2 Qxf4 20.Bd2 Qh4 21.Qe1 Qh5 22.Kd3 
c6 23.dxc6 Rac8 24.Qe3 Rxc6 25.Ne2 d5 26.Ng3 Bxc4+ 27.Kc2 Qf7 28.Bb4 Rfc8 
29.Kb2 a5 30.Bxa5 Rb8+ 31.Bb4 Qf8 32.Qd2 Rcb6 33.Kc2 Qe8 34.Qc3 Qa4+ 35.
Kd2 Ba6 36.Qxe5 dxe4 37.Ke3 Qb3+ 38.Rc3 Nd5+ 39.Kd2 Nxc3 40.Bxc3 e3+ 41.
Kxe3 0-1

[Event "V Festival A"]
[Site "Cesenatico ITA"]
[Date "2000.09.08"]
[Round "7"]
[White "Di Lazzaro, Gabriele"]
[Black "Adinolfi, Vincenzo"]
[Result "0-1"]
[WhiteElo "1959"]
[BlackElo "2132"]
[PlyCount "70"]
[EventDate "2000.09.03"]

1.e4 c5 2.c3 d5 3.exd5 Qxd5 4.d4 Nc6 5.Nf3 Bg4 6.Be2 e6 7.h3 Bh5 8.c4 Qd7 
9.d5 Bxf3 10.Bxf3 Nd4 11.O-O Bd6 12.Bg4 Nf6 13.dxe6 fxe6 14.Nc3 O-O 15.Be3
Rad8 16.Bg5 Bb8 17.Bxf6 gxf6 18.f4 Kh8 19.Rc1 Qg7 20.Qe1 f5 21.Bd1 Rg8 22.
g4 Qh6 23.Qg3 e5 24.g5 exf4 25.gxh6 Rxg3+ 26.Kf2 Rxh3 27.Rg1 f3 28.Nd5 
Rh2+ 29.Kf1 Rxh6 30.Ba4 Ne2 31.Rc2 Nxg1 32.Kxg1 Bg3 33.Rc1 Rh2 34.Rf1 f2+ 
35.Rxf2 Rxf2 0-1

[Event "V Festival A"]
[Site "Cesenatico ITA"]
[Date "2000.09.08"]
[Round "7"]
[White "Facchetti, Gianni"]
[Black "Philippe, Denis"]
[Result "1-0"]
[WhiteElo "2154"]
[BlackElo "2028"]
[PlyCount "57"]
[EventDate "2000.09.03"]

1.e4 c6 2.d3 d5 3.Nd2 e5 4.Be2 Bd6 5.Ngf3 Ne7 6.h4 Nd7 7.c3 Nc5 8.Qc2 Qc7 
9.h5 Bd7 10.a4 f5 11.exd5 cxd5 12.d4 Ne4 13.Nxe5 Bxe5 14.dxe5 Qxe5 15.Nf3 
Qc7 16.Be3 Nc6 17.Qb3 Be6 18.Nd4 Nxd4 19.Bxd4 O-O 20.h6 g6 21.a5 Rf7 22.
Qb5 Re7 23.O-O-O Bf7 24.Kb1 Nc5 25.Qd3 Qxa5 26.Bf6 Re6 27.Bg5 Rae8 28.Qd4 
Re5 29.f4 1-0

[Event "V Festival A"]
[Site "Cesenatico ITA"]
[Date "2000.09.08"]
[Round "7"]
[White "Gaiba, Paolo"]
[Black "Perich, Stefano"]
[Result "1-0"]
[WhiteElo "2163"]
[BlackElo "2043"]
[PlyCount "35"]
[EventDate "2000.09.03"]

1.e4 c6 2.d4 Na6 3.Ne2 g6 4.Ng3 Bg7 5.Be2 d6 6.O-O Nc7 7.Be3 h5 8.h3 Bd7 
9.c3 e6 10.Na3 b5 11.Qd2 Nf6 12.Bg5 Qb8 13.Rad1 Kf8 14.e5 dxe5 15.Bxf6 
Bxf6 16.dxe5 Bxe5 17.Qxd7 Qb7 18.Bf3 1-0

[Event "V Festival A"]
[Site "Cesenatico ITA"]
[Date "2000.09.08"]
[Round "7"]
[White "Gori, Andrea"]
[Black "Casadei, Mauro"]
[Result "0-1"]
[WhiteElo "2201"]
[BlackElo "2137"]
[PlyCount "67"]
[EventDate "2000.09.03"]

1.e4 e6 2.d3 d5 3.Qe2 Ne7 4.g3 g6 5.h4 Bg7 6.Bh3 b6 7.Nd2 Bb7 8.f4 dxe4 9.
dxe4 Nf5 10.Bxf5 gxf5 11.Rh2 fxe4 12.Nxe4 Qd4 13.Nf2 Nd7 14.Nf3 Qd5 15.Nd2
Nc5 16.Qc4 Qc6 17.Nb3 Ba6 18.Qb4 Qf3 19.c4 Qxf2+ 20.Kxf2 Nd3+ 21.Kf3 Nxb4 
22.c5 O-O-O 23.cxb6 axb6 24.Be3 Rd3 25.Re1 Nd5 26.Nc1 Rxe3+ 27.Rxe3 Nxe3 
28.Kxe3 Rd8 29.h5 Rd1 30.Nb3 Rd3+ 31.Kf2 Bxb2 32.Rh4 h6 33.Rg4 c5 34.Rg8+ 
0-1

[Event "V Festival A"]
[Site "Cesenatico ITA"]
[Date "2000.09.08"]
[Round "7"]
[White "Grigore, George-Gabriel"]
[Black "Costantini, Roberto"]
[Result "1-0"]
[WhiteElo "2508"]
[BlackElo "2233"]
[PlyCount "63"]
[EventDate "2000.09.03"]

1.d4 Nf6 2.c4 c5 3.d5 b5 4.cxb5 a6 5.bxa6 g6 6.Nc3 Bxa6 7.g3 d6 8.Bg2 Bg7 
9.Nf3 Nbd7 10.O-O Nb6 11.Re1 O-O 12.Nd2 Qc7 13.Rb1 Qb7 14.b4 cxb4 15.Rxb4 
Qc7 16.Bb2 Rfb8 17.Ba1 Nc4 18.Rxb8+ Rxb8 19.Nb3 Qb6 20.Qd4 Qb4 21.Qa7 Bc8 
22.Nd4 Rb7 23.Nc6 Rxa7 24.Nxb4 Ra3 25.Nc6 Kf8 26.Rb1 Ne8 27.Rb3 Bxc3 28.
Rxa3 Bxa1 29.Ra8 Bd7 30.Rd8 Bf5 31.e4 Bg4 32.f3 1-0

[Event "V Festival A"]
[Site "Cesenatico ITA"]
[Date "2000.09.08"]
[Round "7"]
[White "Guanciale, Orazio"]
[Black "Jasnig, Stelio"]
[Result "0-1"]
[WhiteElo "2183"]
[BlackElo "2056"]
[PlyCount "39"]
[EventDate "2000.09.03"]

1.e4 e6 2.d4 b6 3.Nf3 d5 4.exd5 exd5 5.Bd3 Be7 6.O-O Be6 7.Bf4 a6 8.Re1 
Nc6 9.c4 dxc4 10.Be4 Bd5 11.Bxd5 Qxd5 12.Nc3 Qd7 13.d5 Nb4 14.d6 cxd6 15.
Qd4 Nf6 16.Rxe7+ Kxe7 17.Re1+ Kf8 18.Bxd6+ Kg8 19.Re7 Nc6 20.Ne5 0-1

[Event "V Festival A"]
[Site "Cesenatico ITA"]
[Date "2000.09.08"]
[Round "7"]
[White "Lucchi, Vinicio"]
[Black "Molina, Fabrizio"]
[Result "0-1"]
[WhiteElo "2135"]
[BlackElo "2313"]
[PlyCount "92"]
[EventDate "2000.09.03"]

1.d4 e6 2.c4 d5 3.Nc3 c5 4.cxd5 exd5 5.Nf3 Nc6 6.Bg5 f6 7.Be3 c4 8.g3 Bb4 
9.Bg2 Nge7 10.O-O O-O 11.Ne1 Bf5 12.f3 Qd7 13.Bf2 Rad8 14.Nc2 Ba5 15.e4 
Bxc3 16.bxc3 Bh3 17.g4 Bxg2 18.Kxg2 h5 19.h3 Qe6 20.Re1 hxg4 21.hxg4 b5 
22.Rb1 a6 23.Bg3 dxe4 24.fxe4 Ne5 25.d5 Qxg4 26.Qxg4 Nxg4 27.Nd4 Rd7 28.
Ne6 Rc8 29.Kf3 Nh6 30.Bf4 g5 31.Rh1 Nf7 32.Rbg1 Nxd5 33.exd5 Rxd5 34.Ke4 
Rd3 35.Kf5 Nd8 36.Nd4 Kg7 37.Bd6 Nf7 38.Ne6+ Kg8 39.Bb4 Rf3+ 40.Kg6 Ne5+ 
41.Kh6 Kf7 42.Nxg5+ fxg5 43.Kxg5 Rg8+ 44.Kh6 Rf6+ 45.Kh7 Ng6 46.Kh6 Rf5 
0-1

[Event "V Festival A"]
[Site "Cesenatico ITA"]
[Date "2000.09.08"]
[Round "7"]
[White "Ragonese, Lucio Rosario"]
[Black "Emami, Madjid"]
[Result "1/2-1/2"]
[WhiteElo "2026"]
[BlackElo "2171"]
[PlyCount "88"]
[EventDate "2000.09.03"]

1.d4 c6 2.Nf3 g6 3.c3 Bg7 4.e4 d6 5.Bc4 d5 6.exd5 cxd5 7.Bb5+ Bd7 8.Bxd7+ 
Nxd7 9.Qb3 Ngf6 10.O-O Qb6 11.Re1 Qxb3 12.axb3 e6 13.Na3 a6 14.Nb5 O-O 15.
Nd6 b6 16.Be3 Ng4 17.Ra4 Nxe3 18.fxe3 b5 19.Ra5 Bh6 20.e4 dxe4 21.Nxe4 b4 
22.Rea1 bxc3 23.bxc3 Be3+ 24.Kf1 Rfc8 25.b4 Nb6 26.Ke2 Bh6 27.g3 Nd5 28.
Kd3 g5 29.Nc5 g4 30.Ne5 f5 31.Rxa6 Rxa6 32.Rxa6 f4 33.Nxg4 Bg7 34.Rxe6 h5 
35.Nf2 fxg3 36.hxg3 h4 37.Rg6 Rf8 38.Rxg7+ Kxg7 39.Ne6+ Kg8 40.Nxf8 hxg3 
41.Nh3 Kxf8 42.Ke4 Nxc3+ 43.Kf3 Ke7 44.Kxg3 Ne2+ 1/2-1/2

[Event "V Festival A"]
[Site "Cesenatico ITA"]
[Date "2000.09.08"]
[Round "7"]
[White "Schuetzhold, Frank"]
[Black "Andreazza, Attilio"]
[Result "0-1"]
[WhiteElo "2128"]
[BlackElo "2055"]
[PlyCount "44"]
[EventDate "2000.09.03"]

1.f4 e5 2.fxe5 d6 3.exd6 Bxd6 4.Nf3 g5 5.g3 g4 6.Nh4 f5 7.d4 f4 8.Qd3 fxg3
9.hxg3 Nc6 10.Ng6 Qf6 11.Nxh8 Nxd4 12.Qxh7 Be6 13.c3 Bxg3+ 14.Kd1 O-O-O 
15.cxd4 Bf5 16.Qf7 Qxd4+ 17.Nd2 Qe4 18.Qxf5+ Qxf5 19.a4 Qd5 20.e4 Qb3+ 21.
Ke2 Qd3+ 22.Kd1 Qf3+ 0-1

[Event "V Festival A"]
[Site "Cesenatico ITA"]
[Date "2000.09.09"]
[Round "8"]
[White "Adinolfi, Vincenzo"]
[Black "Brancaleoni, Maurizio"]
[Result "1-0"]
[WhiteElo "2132"]
[BlackElo "2199"]
[PlyCount "52"]
[EventDate "2000.09.03"]

1.c4 b6 2.d4 Bb7 3.Nc3 e6 4.Qc2 f5 5.Nf3 Nf6 6.Bg5 Be7 7.e3 O-O 8.Bd3 Qe8 
9.O-O-O Na6 10.a3 c5 11.d5 Qh5 12.h4 Rac8 13.Nb5 exd5 14.Bxf5 Kh8 15.Ne5 
Ne4 16.g4 Qe8 17.f4 d6 18.Bxe4 dxe4 19.Bxe7 Qxe7 20.Nxd6 Rc7 21.Nxb7 Rxb7 
22.Qxe4 Nb8 23.Rd5 Rc7 24.g5 Nc6 25.Rhd1 Nb8 26.Rd6 Rcc8 1-0

[Event "V Festival A"]
[Site "Cesenatico ITA"]
[Date "2000.09.09"]
[Round "8"]
[White "Andreazza, Attilio"]
[Black "Ragonese, Lucio Rosario"]
[Result "1-0"]
[WhiteElo "2055"]
[BlackElo "2026"]
[PlyCount "53"]
[EventDate "2000.09.03"]

1.d4 f5 2.Nc3 Nf6 3.Bg5 e6 4.e4 fxe4 5.Nxe4 Be7 6.Bxf6 Bxf6 7.Nf3 b6 8.Bd3
Bb7 9.Ne5 Bxe5 10.dxe5 Qe7 11.Qe2 Nc6 12.f4 O-O-O 13.c3 Rdf8 14.Rf1 h6 15.
O-O-O Qh4 16.g3 Qe7 17.Ba6 Rd8 18.Rd2 Nb8 19.Bxb7+ Kxb7 20.Rfd1 Rhf8 21.c4
Qf7 22.c5 Qf5 23.cxb6 axb6 24.Qc4 Rf7 25.Rc2 Nc6 26.Rc3 Ra8 27.Rxd7 1-0

[Event "V Festival A"]
[Site "Cesenatico ITA"]
[Date "2000.09.09"]
[Round "8"]
[White "Farago, Ivan"]
[Black "Drazic, Sinisa"]
[Result "1-0"]
[WhiteElo "2486"]
[BlackElo "2508"]
[PlyCount "91"]
[EventDate "2000.09.03"]

1.d4 e6 2.c4 Nf6 3.Nf3 d5 4.Nc3 c6 5.Bg5 Nbd7 6.cxd5 exd5 7.Qc2 Be7 8.e3 
O-O 9.Bd3 Re8 10.O-O Nf8 11.h3 a5 12.a3 Nh5 13.Bxe7 Qxe7 14.Rab1 g6 15.b4 
Ng7 16.Na4 axb4 17.axb4 Bf5 18.Bxf5 Nxf5 19.b5 Qe4 20.Qb3 Nd6 21.Nc5 Qe7 
22.bxc6 bxc6 23.Ne5 Rec8 24.Rfc1 Nf5 25.Qb7 Qc7 26.Qxc7 Rxc7 27.Rb7 Ne6 
28.Rxc7 Nxc7 29.Nxc6 Kg7 30.Nd3 Ne8 31.Nf4 Nf6 32.Ne5 Ra7 33.Ng4 Nxg4 34.
hxg4 Ne7 35.Rc5 Rd7 36.Rb5 Kf6 37.Nd3 Rc7 38.Ne5 h6 39.Kh2 Kg7 40.Rb6 Ng8 
41.f3 Ne7 42.Kg3 f6 43.Nd3 Rc3 44.Nf4 h5 45.Rb7 h4+ 46.Kh2 1-0

[Event "V Festival A"]
[Site "Cesenatico ITA"]
[Date "2000.09.09"]
[Round "8"]
[White "Inkiov, Ventzislav V."]
[Black "Collutiis, Duilio"]
[Result "1-0"]
[WhiteElo "2416"]
[BlackElo "2286"]
[PlyCount "105"]
[EventDate "2000.09.03"]

1.d4 Nf6 2.c4 g6 3.Nc3 Bg7 4.Nf3 O-O 5.Bg5 d6 6.e3 c6 7.Be2 Qa5 8.O-O Bg4 
9.Bxf6 Bxf6 10.Nd2 Bxe2 11.Qxe2 Nd7 12.a3 Qc7 13.Rad1 Bg7 14.Nde4 h6 15.g4
Rae8 16.f4 f5 17.gxf5 gxf5 18.Ng3 e6 19.Kh1 Nf6 20.Rg1 Qf7 21.Rg2 Kh8 22.
Rdg1 Rg8 23.h3 Bf8 24.Qf3 d5 25.c5 Be7 26.Nd1 Bd8 27.Nf2 Rg6 28.Nd3 Bc7 
29.Ne5 Bxe5 30.fxe5 Nh7 31.Qh5 Rf8 32.Qe2 Rfg8 33.Nh5 Rxg2 34.Rxg2 Rg5 35.
Nf4 Nf8 36.h4 Rxg2 37.Qxg2 Qg7 38.Qf3 Qf7 39.Nh5 Nh7 40.Kh2 Qg6 41.b4 Kg8 
42.a4 Kf8 43.b5 Ke7 44.bxc6 bxc6 45.Nf4 Qg7 46.Qe2 Qg8 47.Qb2 Qc8 48.Qg2 
Qe8 49.Qg7+ Qf7 50.Qxh6 Kd7 51.Nxe6 Qxe6 52.Qxh7+ Kc8 53.h5 1-0

[Event "V Festival A"]
[Site "Cesenatico ITA"]
[Date "2000.09.09"]
[Round "8"]
[White "Jasnig, Stelio"]
[Black "Lagrotteria, Salvatore"]
[Result "0-1"]
[WhiteElo "2056"]
[BlackElo "2201"]
[PlyCount "126"]
[EventDate "2000.09.03"]

1.Nf3 d5 2.d4 Nf6 3.g3 e6 4.Bg2 Nbd7 5.Nbd2 Bd6 6.O-O O-O 7.c4 c6 8.Re1 e5
9.dxe5 Nxe5 10.cxd5 Nxf3+ 11.Nxf3 Nxd5 12.Ng5 Nf6 13.e4 Bb4 14.Rf1 h6 15.
Qb3 a5 16.Nh3 Bxh3 17.Bxh3 Nxe4 18.Be3 Qe7 19.Qc2 Rfd8 20.Rfd1 Nf6 21.a3 
Rxd1+ 22.Rxd1 Bd6 23.Bg2 Re8 24.Qf5 Qe5 25.Qc2 Qe6 26.Qe2 Bc7 27.Qc2 Rd8 
28.Rxd8+ Bxd8 29.Bf1 Nd5 30.Bd2 b5 31.Bd3 Bb6 32.Qd1 Nf6 33.Qe2 Qxe2 34.
Bxe2 Kf8 35.Bf3 Nd5 36.Kf1 Ke7 37.h4 a4 38.Bd1 Bd4 39.b3 axb3 40.Bxb3 Nb6 
41.Bc1 c5 42.Bd1 Ke6 43.f3 c4 44.Ke2 Kd5 45.Bc2 Kc5 46.g4 Na4 47.Bd2 Nc3+ 
48.Kf1 Nd5 49.Be4 Bb2 50.Ke2 Bxa3 51.g5 hxg5 52.hxg5 Bb2 53.g6 fxg6 54.
Bxg6 Be5 55.Be3+ Bd4 56.Bc1 b4 57.Kd1 Be3 58.Bb2 c3 59.Bc1 Bxc1 60.Kxc1 b3
61.Bh7 Nb4 62.Kb1 Kd4 63.Bg8 c2+ 0-1

[Event "V Festival A"]
[Site "Cesenatico ITA"]
[Date "2000.09.09"]
[Round "8"]
[White "Lucchi, Vinicio"]
[Black "Gaiba, Paolo"]
[Result "1-0"]
[WhiteElo "2135"]
[BlackElo "2163"]
[PlyCount "46"]
[EventDate "2000.09.03"]

1.d4 c5 2.d5 e5 3.c4 d6 4.Nc3 Be7 5.Nf3 Nf6 6.e4 O-O 7.Be2 Nbd7 8.O-O Re8 
9.Ne1 Nf8 10.Nd3 Ng6 11.Rb1 Nd7 12.Be3 Bg5 13.Bxg5 Qxg5 14.Nb5 Nf6 15.Nxd6
Bh3 16.Bf3 Re7 17.Kh1 Bc8 18.Nxc5 b6 19.Nd3 Rd7 20.Nxc8 Rxc8 21.Rc1 Nxe4 
22.Bxe4 f5 23.f4 exf4 1-0

[Event "V Festival A"]
[Site "Cesenatico ITA"]
[Date "2000.09.09"]
[Round "8"]
[White "Naumkin, Igor"]
[Black "Molina, Fabrizio"]
[Result "1-0"]
[WhiteElo "2440"]
[BlackElo "2313"]
[PlyCount "71"]
[EventDate "2000.09.03"]

1.d4 d5 2.c4 e6 3.Nc3 c5 4.cxd5 exd5 5.Nf3 Nc6 6.g3 Nf6 7.Bg2 Be7 8.O-O 
O-O 9.Bf4 Be6 10.dxc5 Bxc5 11.Rc1 Rc8 12.Ne5 Qe7 13.Na4 Bb6 14.Nxb6 axb6 
15.Qb3 Nd4 16.Qd3 Rxc1 17.Rxc1 Qb4 18.b3 Bf5 19.Qd1 Ne6 20.Be3 d4 21.Bd2 
Qa3 22.Nc4 Qxa2 23.Bb4 Nc5 24.Nxb6 Nxb3 25.Bxf8 Nxc1 26.Qxc1 d3 27.Bb4 
dxe2 28.Nc8 Qb3 29.Ne7+ Kh8 30.Be1 Qd1 31.Qc3 Be6 32.Bxb7 h6 33.Bf3 Bg4 
34.Bxg4 Nxg4 35.Qc8+ Kh7 36.Qg8# 1-0

[Event "V Festival A"]
[Site "Cesenatico ITA"]
[Date "2000.09.09"]
[Round "8"]
[White "Ori, Marco"]
[Black "Schuetzhold, Frank"]
[Result "1-0"]
[WhiteElo "2060"]
[BlackElo "2128"]
[PlyCount "73"]
[EventDate "2000.09.03"]

1.e4 d6 2.d4 Nf6 3.Nc3 g6 4.h3 Bg7 5.Nf3 O-O 6.Be3 c6 7.a4 a5 8.Be2 Qc7 9.
O-O e5 10.dxe5 dxe5 11.Bc4 Nbd7 12.Qe2 h6 13.Rfd1 Re8 14.Qd2 h5 15.Ng5 Re7
16.Bb3 Nh7 17.Qd6 Qxd6 18.Rxd6 Ndf8 19.Nxh7 Kxh7 20.Bg5 Rc7 21.Rd8 f6 22.
Bxf6 Ra6 23.Bxe5 Bxe5 24.Rxf8 Bxc3 25.bxc3 b5 26.Re1 Kg7 27.Rg8+ Kh7 28.
Rd8 Raa7 29.e5 Bf5 30.f3 Re7 31.g4 hxg4 32.hxg4 Be6 33.Kf2 Kh6 34.Kg3 Bxb3
35.cxb3 Re6 36.Rh1+ Kg7 37.Rdh8 1-0

[Event "V Festival A"]
[Site "Cesenatico ITA"]
[Date "2000.09.09"]
[Round "8"]
[White "Perich, Stefano"]
[Black "Philippe, Denis"]
[Result "0-1"]
[WhiteElo "2043"]
[BlackElo "2028"]
[PlyCount "84"]
[EventDate "2000.09.03"]

1.Nf3 d5 2.d4 Nf6 3.Bf4 c5 4.c3 Qb6 5.b3 Nc6 6.e3 Bf5 7.Bd3 Bxd3 8.Qxd3 e6
9.O-O Be7 10.Ne5 O-O 11.Nd2 Rfd8 12.Nxc6 bxc6 13.h3 cxd4 14.cxd4 Rac8 15.
a3 a5 16.Ra2 c5 17.Nb1 h6 18.Rc2 cxd4 19.Rxc8 Rxc8 20.exd4 Ne4 21.Rc1 
Rxc1+ 22.Bxc1 Bf6 23.Be3 Nd6 24.a4 Nf5 25.Qb5 Qxb5 26.axb5 Bxd4 27.Bxd4 
Nxd4 28.b6 Kf8 29.Nc3 Ke7 30.Nb5 Nc6 31.Kf1 Kd7 32.Ke2 Nd8 33.Na7 Kd6 34.
Kd3 Kc5 35.Nc8 Kc6 36.Kd4 Kb7 37.Nd6+ Kxb6 38.f4 Nc6+ 39.Kd3 Nd8 40.Kd4 
Nc6+ 41.Kd3 Kc5 42.Nxf7 Kb4 0-1

[Event "V Festival A"]
[Site "Cesenatico ITA"]
[Date "2000.09.09"]
[Round "8"]
[White "Skembris, Spyridon"]
[Black "Bertagnolli, Alexander"]
[Result "1/2-1/2"]
[WhiteElo "2475"]
[BlackElo "2196"]
[PlyCount "88"]
[EventDate "2000.09.03"]

1.d4 g6 2.c4 Bg7 3.e4 d6 4.Nc3 Nc6 5.d5 Nd4 6.Be3 c5 7.Nge2 Qb6 8.Nxd4 
cxd4 9.Na4 dxe3 10.Nxb6 exf2+ 11.Kxf2 axb6 12.Qb3 Nf6 13.Bd3 Nd7 14.Rhd1 
O-O 15.Kg1 Nc5 16.Qc2 Bd7 17.b4 Ba4 18.Qe2 Nxd3 19.Qxd3 Bxd1 20.Rxd1 Rxa2 
21.Qe3 Rc2 22.Qxb6 Ra8 23.Qxb7 Raa2 24.Qc8+ Bf8 25.Qh3 Rab2 26.c5 dxc5 27.
bxc5 Rxc5 28.e5 Re2 29.Qg3 Rcc2 30.h4 Bg7 31.e6 fxe6 32.dxe6 Bf6 33.h5 Kg7
34.Qg4 Re5 35.hxg6 Rg5 36.Qe4 Rgxg2+ 37.Qxg2 Rxg2+ 38.Kxg2 Kxg6 39.Rf1 Kg5
40.Kh3 h6 41.Rf3 Be5 42.Rf1 Bf4 43.Rf3 Kf5 44.Kh4 Ke5 1/2-1/2

[Event "V Festival A"]
[Site "Cesenatico ITA"]
[Date "2000.09.09"]
[Round "8"]
[White "Voltolini, Giuseppe"]
[Black "Facchetti, Gianni"]
[Result "0-1"]
[WhiteElo "2279"]
[BlackElo "2154"]
[PlyCount "88"]
[EventDate "2000.09.03"]

1.d4 Nf6 2.c4 e5 3.dxe5 Ng4 4.Nf3 Nc6 5.Bf4 Bb4+ 6.Nbd2 Qe7 7.e3 Ngxe5 8.
Be2 d6 9.O-O a5 10.Nd4 O-O 11.Bg3 Bc5 12.N2b3 Bb6 13.Nb5 f5 14.h3 g5 15.
Bh2 f4 16.exf4 gxf4 17.Kh1 Be6 18.Rc1 a4 19.N3d4 Nxd4 20.Nxd4 Bd7 21.f3 
Kh8 22.Re1 Qh4 23.Bf1 Rae8 24.Qd2 Ng6 25.Bg1 Re5 26.Rxe5 Nxe5 27.b4 axb3 
28.axb3 Qf6 29.b4 c6 30.Qb2 Kg8 31.c5 Bc7 32.Rd1 d5 33.b5 Ng6 34.b6 Be5 
35.Ra1 Nh4 36.Ra4 Nf5 37.Bf2 Ng3+ 38.Kg1 Nf5 39.Qd2 Ng3 40.Bd3 Qg7 41.Kh2 
Kh8 42.Qb4 Rg8 43.Kg1 Bxh3 44.gxh3 Ne4+ 0-1

[Event "V Festival A"]
[Site "Cesenatico ITA"]
[Date "2000.09.10"]
[Round "9"]
[White "Adinolfi, Vincenzo"]
[Black "Jasnig, Stelio"]
[Result "1/2-1/2"]
[WhiteElo "2132"]
[BlackElo "2056"]
[PlyCount "93"]
[EventDate "2000.09.03"]

1.d4 d5 2.Nf3 Nf6 3.Bg5 Nbd7 4.e3 e6 5.c3 Be7 6.Nbd2 c5 7.Bd3 c4 8.Bc2 b5 
9.e4 dxe4 10.Nxe4 Bb7 11.Qe2 Bd5 12.Nxf6+ Bxf6 13.Bf4 O-O 14.O-O Re8 15.
Rfe1 g6 16.a3 a5 17.Ne5 Nxe5 18.Bxe5 Ra7 19.Qg4 Bg7 20.h4 f5 21.Qf4 Bf6 
22.Bxf6 Qxf6 23.Re3 Rg7 24.Qg5 Qf8 25.Re5 Rb8 26.Ree1 b4 27.axb4 axb4 28.
Reb1 b3 29.Bd1 Ra8 30.Qe3 Ra2 31.Rxa2 bxa2 32.Ra1 Qa8 33.Bf3 Ra7 34.Qe5 
Kf7 35.Bxd5 Qxd5 36.Qxd5 exd5 37.f4 h6 38.Kf2 Kf6 39.g3 g5 40.h5 gxf4 41.
gxf4 Ke6 42.Ke3 Kd6 43.Kd2 Kc6 44.Kc2 Kb5 45.b4 Ra3 46.Kb2 Rb3+ 47.Kc2 
1/2-1/2

[Event "V Festival A"]
[Site "Cesenatico ITA"]
[Date "2000.09.10"]
[Round "9"]
[White "Bertagnolli, Alexander"]
[Black "Grigore, George-Gabriel"]
[Result "1/2-1/2"]
[WhiteElo "2196"]
[BlackElo "2508"]
[PlyCount "28"]
[EventDate "2000.09.03"]

1.e4 c6 2.d4 d5 3.exd5 cxd5 4.c4 Nf6 5.Nc3 Be6 6.Bg5 Nbd7 7.Nf3 dxc4 8.d5 
Bg4 9.Bxc4 g6 10.O-O Bg7 11.d6 O-O 12.dxe7 Qxe7 13.h3 Bxf3 14.Qxf3 Qc5 
1/2-1/2

[Event "V Festival A"]
[Site "Cesenatico ITA"]
[Date "2000.09.10"]
[Round "9"]
[White "Brancaleoni, Maurizio"]
[Black "Kowalczyk, Martin"]
[Result "1-0"]
[WhiteElo "2199"]
[BlackElo "2120"]
[PlyCount "79"]
[EventDate "2000.09.03"]

1.d4 Nf6 2.c4 c5 3.Nf3 cxd4 4.Nxd4 Nc6 5.Nc3 Nxd4 6.Qxd4 g6 7.Nd5 Bg7 8.
Bg5 O-O 9.Bxf6 exf6 10.e3 f5 11.Qd2 Qg5 12.h4 Qd8 13.Be2 d6 14.Rd1 Be6 15.
b3 Bxd5 16.Qxd5 Qc7 17.g3 Bc3+ 18.Kf1 Qc6 19.Bf3 Qxd5 20.Rxd5 Rad8 21.h5 
b6 22.Ke2 Rfe8 23.Rhd1 Bb4 24.Rb5 Bc5 25.Bb7 a5 26.Bd5 Kg7 27.Kf3 f6 28.
Ra1 Re7 29.a3 Ra7 30.Ke2 g5 31.Ra2 Rb8 32.Rd2 Bxa3 33.Ra2 Bc5 34.b4 Bxe3 
35.fxe3 Re7 36.bxa5 Rbe8 37.axb6 Rxe3+ 38.Kf2 f4 39.gxf4 gxf4 40.b7 1-0

[Event "V Festival A"]
[Site "Cesenatico ITA"]
[Date "2000.09.10"]
[Round "9"]
[White "Cocchi, Andrea"]
[Black "Guanciale, Orazio"]
[Result "1-0"]
[WhiteElo "2261"]
[BlackElo "2183"]
[PlyCount "65"]
[EventDate "2000.09.03"]

1.c4 f5 2.Nc3 Nf6 3.g3 g6 4.Bg2 Bg7 5.e3 d6 6.Nge2 e5 7.b3 Nc6 8.Bb2 O-O 
9.O-O Ne7 10.d4 c6 11.Qd2 Be6 12.Rad1 e4 13.d5 cxd5 14.Nf4 Bf7 15.cxd5 Re8
16.Ba3 g5 17.Ne6 Bxe6 18.dxe6 Qa5 19.Bxd6 Rad8 20.Nxe4 Qxd2 21.Nxf6+ Bxf6 
22.Rxd2 Nc6 23.Rfd1 Kg7 24.Bc5 Rxd2 25.Rxd2 Be7 26.Bxc6 bxc6 27.Rd7 Kf6 
28.Bxe7+ Rxe7 29.Rxe7 Kxe7 30.f3 g4 31.fxg4 fxg4 32.Kf2 Kxe6 33.Ke2 1-0

[Event "V Festival A"]
[Site "Cesenatico ITA"]
[Date "2000.09.10"]
[Round "9"]
[White "Collutiis, Duilio"]
[Black "Costantini, Roberto"]
[Result "0-1"]
[WhiteElo "2286"]
[BlackElo "2233"]
[PlyCount "111"]
[EventDate "2000.09.03"]

1.e4 c5 2.Nc3 d6 3.f4 g6 4.Nf3 Bg7 5.Bb5+ Bd7 6.a4 Nc6 7.Bxc6 Bxc6 8.d3 
Qd7 9.Bd2 Nf6 10.O-O Nh5 11.Qe1 O-O-O 12.Qb1 f5 13.Ng5 fxe4 14.dxe4 Rdf8 
15.Qa2 Bd4+ 16.Kh1 Qg4 17.Qe6+ Bd7 18.Qxg4 Bxg4 19.g3 Bd7 20.Nf3 Bg7 21.
Rae1 Bc6 22.b3 Nf6 23.Kg1 Ne8 24.Nd5 Kd7 25.Bc3 Bxc3 26.Nxc3 Nc7 27.Rd1 
Kc8 28.Rd2 b6 29.Re1 Rhg8 30.Nd5 Rg7 31.c4 Kb7 32.Ng5 Bd7 33.e5 h6 34.exd6
exd6 35.Ne4 Ne8 36.Ndc3 Kc7 37.Red1 Bg4 38.Nb5+ Kb8 39.Rc1 g5 40.fxg5 hxg5
41.Nbxd6 Nxd6 42.Rxd6 Bh3 43.Nf2 Bc8 44.Rd2 Re7 45.Nd3 Rf3 46.Rf1 Rfe3 47.
Kf2 Bg4 48.Nc1 Bh3 49.Rfd1 Bg4 50.Rf1 Bh3 51.Rfd1 Bg4 52.Rg1 Rf3+ 53.Kg2 
Ref7 54.h3 Bc8 55.h4 g4 56.Nd3 0-1